Sesame street treasury (Record no. 38510)

MARC details
000 -LEADER
fixed length control field 00259nam a2200109Ia 4500
082 ## - DEWEY DECIMAL CLASSIFICATION NUMBER
Classification number 82-3FRI
Item number SES
100 ## - MAIN ENTRY--AUTHOR NAME
Personal name Frith, M
245 #0 - TITLE STATEMENT
Title Sesame street treasury
260 ## - PUBLICATION, DISTRIBUTION, ETC. (IMPRINT)
Place of publication New York
Name of publisher Random
Year of publication 1979
942 ## - ADDED ENTRY ELEMENTS (KOHA)
Koha item type Books
Holdings
Withdrawn status Lost status Damaged status Not for loan Home library Current library Date acquired Full call number Accession Number Koha item type
        RRII Library RRII Library 16/12/2021 82-3FRI SES 18866 Books